[Event "17PCR_ZK14"]
[Site "?"]
[Date "2007.??.??"]
[Round "?"]
[White "Zednik, Martin"]
[Black "Necesany, Zdenek"]
[Result "0-1"]
[WhiteElo "2076"]
[BlackElo "2188"]
[PlyCount "72"]
[EventDate "2007.??.??"]
[EventType "corr"]
[EventRounds "2"]
[SourceDate "2007.06.28"]

1. c4 Nf6 2. Nc3 g6 3. e4 d6 4. d4 Bg7 5. Nf3 O-O 6. Be2 e5 7. O-O Nc6 8. d5
Ne7 9. b4 Nh5 10. Re1 f5 11. Ng5 Nf6 12. Qd3 c6 13. dxc6 bxc6 14. Rd1 h6 15.
Nh3 a5 16. b5 fxe4 17. Qxd6 Qxd6 18. Rxd6 cxb5 19. cxb5 Bxh3 20. gxh3 Rac8 21.
Bb2 Nf5 22. Ra6 e3 23. Rf1 exf2+ 24. Rxf2 e4 25. Rf1 Kh7 26. Ba1 Nd4 27. Bd1 e3
28. Ne2 Nxe2+ 29. Bxe2 Nd5 30. Rxf8 Rxf8 31. Bxg7 Kxg7 32. b6 Nc3 33. Ra7+ Kf6
34. b7 Ke5 35. Bf3 e2 36. Kf2 Rxf3+ 0-1

[Event "17PCR_ZK14"]
[Site "?"]
[Date "2007.??.??"]
[Round "?"]
[White "Jezek, Otakar"]
[Black "Zednik, Martin"]
[Result "1/2-1/2"]
[WhiteElo "1867"]
[BlackElo "2076"]
[PlyCount "91"]
[EventDate "2007.??.??"]
[EventType "corr"]
[EventRounds "2"]
[SourceDate "2007.06.28"]

1. Nf3 Nf6 2. e3 d5 3. d4 e6 4. Bd3 c5 5. dxc5 Bxc5 6. O-O O-O 7. Nc3 Nc6 8.
Re1 Bd7 9. e4 Ng4 10. Rf1 d4 11. Ne2 Qb6 12. a4 a5 13. Bf4 f6 14. Nd2 e5 15.
Nc4 Qc7 16. Bd2 Bb4 17. c3 Bc5 18. Rc1 dxc3 19. Nxc3 Be6 20. Nd5 Qd8 21. Be2 f5
22. Bxg4 fxg4 23. Nxe5 Bxf2+ 24. Rxf2 Rxf2 25. Kxf2 Nxe5 26. Bf4 Bxd5 27. Bxe5
Bxe4 28. Qxd8+ Rxd8 29. Rc7 Rd5 30. Bc3 Rg5 31. Kg3 Bc6 32. b3 h5 33. Kh4 g3
34. h3 Rg6 35. Bxa5 Bxg2 36. Be1 Bd5 37. Bxg3 Bxb3 38. a5 Bd5 39. Rd7 Bc6 40.
Re7 Bf3 41. Re3 Rf6 42. Kg5 Kh7 43. Be5 Rf7 44. Bd4 Rd7 45. Bc3 Bd1 46. h4
1/2-1/2

[Event "17PCR_ZK14"]
[Site "?"]
[Date "2007.??.??"]
[Round "?"]
[White "Necesany, Zdenek"]
[Black "Zednik, Martin"]
[Result "1/2-1/2"]
[WhiteElo "2188"]
[BlackElo "2076"]
[PlyCount "125"]
[EventDate "2007.??.??"]
[EventType "corr"]
[EventRounds "2"]
[SourceDate "2007.06.28"]

1. c4 e5 2. Nc3 Nf6 3. Nf3 Nc6 4. g3 Bb4 5. Bg2 O-O 6. O-O e4 7. Ne1 Bxc3 8.
dxc3 h6 9. Nc2 d6 10. Ne3 Re8 11. Qc2 a5 12. f4 exf3 13. exf3 Bd7 14. f4 Qc8
15. Nd5 Nxd5 16. cxd5 Ne7 17. Re1 Bh3 18. Be3 a4 19. Bh1 Bf5 20. Qd2 Bg4 21.
Bf2 Qd7 22. Re4 Bf5 23. Re3 c6 24. dxc6 bxc6 25. Rae1 Be6 26. Rd3 Nc8 27. a3
Rd8 28. Qd1 d5 29. c4 Bg4 30. Qc1 Bf5 31. Rd2 Nd6 32. cxd5 cxd5 33. Rxd5 Rac8
34. Rc5 Rxc5 35. Qxc5 Rc8 36. Qd4 Bg4 37. Qd2 Nc4 38. Qxd7 Bxd7 39. Bd4 Bc6 40.
Bxc6 Rxc6 41. Re8+ Kh7 42. Ra8 Rd6 43. Bc3 Nxb2 44. f5 Nd1 45. Bb4 Rd3 46. Rxa4
Rf3 47. Bd2 Rxf5 48. Rd4 Rc5 49. Rd7 Rc2 50. Be1 Rc1 51. Rxf7 Ra1 52. Rf3 Nb2
53. Kf2 Ra2 54. Bb4 Nd3+ 55. Ke3 Nxb4 56. axb4 Rb2 57. Rf4 Rxh2 58. Rf2 Rh3 59.
Rb2 Rxg3+ 60. Kd4 g5 61. b5 Rf3 62. b6 Rf8 63. b7 1/2-1/2

[Event "17PCR_ZK14"]
[Site "?"]
[Date "2007.??.??"]
[Round "?"]
[White "Zednik, Martin"]
[Black "Luksa, Ales"]
[Result "1-0"]
[WhiteElo "2076"]
[BlackElo "1800"]
[PlyCount "31"]
[EventDate "2007.??.??"]
[EventType "corr"]
[EventRounds "2"]
[SourceDate "2007.06.28"]

1. c4 Nf6 2. Nc3 e6 3. e4 Nc6 4. Nf3 e5 5. d4 exd4 6. Nxd4 Bb4 7. Nxc6 bxc6 8.
e5 Ne4 9. Qd4 f5 10. exf6 O-O 11. Bd3 Bc5 12. Qxe4 Re8 13. O-O Rxe4 14. Nxe4
Bd4 15. f7+ Kxf7 16. Ng5+ 1-0

[Event "17PCR_ZK14"]
[Site "?"]
[Date "2007.??.??"]
[Round "?"]
[White "Luksa, Ales"]
[Black "Zednik, Martin"]
[Result "0-1"]
[WhiteElo "1800"]
[BlackElo "2076"]
[PlyCount "32"]
[EventDate "2007.??.??"]
[EventType "corr"]
[EventRounds "2"]
[SourceDate "2007.06.28"]

1. e4 e5 2. Nf3 Nc6 3. Bc4 Bc5 4. d3 Nf6 5. c3 a6 6. Bb3 Ba7 7. O-O O-O 8. Qe2
d6 9. Be3 Qe7 10. Nbd2 Bd7 11. Bc2 Rac8 12. a3 a5 13. Rad1 Bxe3 14. Qxe3 d5 15.
h3 Qd6 16. d4 exd4 0-1

[Event "17PCR_ZK14"]
[Site "?"]
[Date "2007.??.??"]
[Round "?"]
[White "Necesany, Zdenek"]
[Black "Jezek, Otakar"]
[Result "1/2-1/2"]
[WhiteElo "2188"]
[BlackElo "1867"]
[PlyCount "183"]
[EventDate "2007.??.??"]
[EventType "corr"]
[EventRounds "2"]
[SourceDate "2007.06.28"]

1. c4 e5 2. Nc3 Nf6 3. Nf3 d6 4. d4 exd4 5. Nxd4 Be7 6. g3 O-O 7. Bg2 Nbd7 8.
b3 Re8 9. Bb2 c6 10. O-O Qa5 11. e4 Ne5 12. a3 Ng6 13. Re1 Bd7 14. Na4 Rad8 15.
Nf5 Bxf5 16. Bc3 Qc7 17. exf5 Ne5 18. Rc1 Bf8 19. Qd4 a6 20. Rcd1 Ned7 21. Qf4
Nh5 22. Qf3 Nhf6 23. b4 Ne5 24. Qf4 b5 25. Nb2 c5 26. cxb5 axb5 27. bxc5 Qxc5
28. Qb4 Qc7 29. Qb3 d5 30. Bd4 Bc5 31. Qc3 Bd6 32. Qxc7 Bxc7 33. Re3 Nc4 34.
Rb3 Be5 35. Bxe5 Rxe5 36. Rxb5 Nxa3 37. Ra5 Nc2 38. Nd3 Ree8 39. h3 Nd4 40. g4
Ne2+ 41. Kf1 Nc3 42. Re1 h6 43. Rxe8+ Rxe8 44. Bf3 Rb8 45. Rc5 d4 46. Rc7 Nb1
47. Kg2 Nd2 48. Ra7 Nxf3 49. Kxf3 Rb3 50. Ra8+ Kh7 51. Ke2 h5 52. Ne5 Ne4 53.
Nxf7 g6 54. fxg6+ Kxg6 55. Ne5+ Kf6 56. Nd3 hxg4 57. hxg4 Ke7 58. Ra5 Kf6 59.
Nf4 Kf7 60. g5 Kg7 61. Re5 Nd6 62. Rd5 Ne4 63. Rd7+ Kg8 64. g6 Rb2+ 65. Kf3 Nf6
66. Rxd4 Kg7 67. Ra4 Rb3+ 68. Kg2 Rb7 69. Ra5 Rb4 70. Kg3 Rb7 71. f3 Rb1 72.
Re5 Kh6 73. Rf5 Kg7 74. Ra5 Kh6 75. Ra7 Rb5 76. Ra8 Rg5+ 77. Kf2 Rf5 78. Ra4
Kg5 79. Ng2 Rb5 80. Nh4 Rb2+ 81. Kf1 Nh5 82. Rg4+ Kf6 83. Ng2 Rb1+ 84. Kf2 Rb2+
85. Ke1 Rb5 86. Nf4 Ng7 87. Kf2 Rg5 88. Rh4 Ne6 89. Nxe6 Kxe6 90. Ke3 Rxg6 91.
Ke4 Rg5 92. Rh6+ 1/2-1/2

[Event "17PCR_ZK14"]
[Site "?"]
[Date "2007.??.??"]
[Round "?"]
[White "Zednik, Martin"]
[Black "Jezek, Otakar"]
[Result "1-0"]
[WhiteElo "2076"]
[BlackElo "1867"]
[PlyCount "128"]
[EventDate "2007.??.??"]
[EventType "corr"]
[EventRounds "2"]
[SourceDate "2007.06.28"]

1. c4 e5 2. Nc3 Nf6 3. Nf3 Nc6 4. g3 Bc5 5. Bg2 d6 6. O-O O-O 7. d3 Be6 8. a3
d5 9. Ng5 dxc4 10. Nxe6 fxe6 11. Bxc6 bxc6 12. dxc4 Bd4 13. Qc2 Qe8 14. Ne4
Nxe4 15. Qxe4 Rb8 16. Ra2 a5 17. e3 Bc5 18. Bd2 a4 19. Qxe5 Bd6 20. Qe4 c5 21.
Bc3 Qf7 22. f3 Rb6 23. Kg2 Be7 24. Ba5 Rd6 25. Bxc7 Rd2+ 26. Rf2 Rxf2+ 27. Kxf2
Bf6 28. Ba5 Qd7 29. Ke2 Qd6 30. Bc3 Rd8 31. Qc2 Bxc3 32. bxc3 e5 33. Ke1 Qc6
34. Qe2 e4 35. Rd2 Rf8 36. f4 Qf6 37. Rc2 g6 38. Kf2 Rd8 39. Rd2 Rf8 40. Qg4
Qa6 41. Rd5 Qb6 42. Kg2 Rf7 43. Qc8+ Kg7 44. Kh3 Qc7 45. Qe8 Re7 46. Qxa4 Qc8+
47. Kh4 h6 48. Qb5 Rc7 49. g4 Ra7 50. a4 Rc7 51. Rd6 Kh7 52. a5 h5 53. h3 hxg4
54. hxg4 Rf7 55. Qb6 Rg7 56. a6 Rg8 57. a7 Qa8 58. Rd7+ Rg7 59. Rxg7+ Kxg7 60.
Qb8 Qc6 61. g5 Kf7 62. a8=Q Qxa8 63. Qxa8 Ke7 64. Qa7+ Kd8 1-0